|
|
|
|
| LEADER |
02083nam a2200457 a 4500 |
| 001 |
EBC3138228 |
| 003 |
MiAaPQ |
| 005 |
20200520144314.0 |
| 006 |
m o d | |
| 007 |
cr cn||||||||| |
| 008 |
050826s2006 nyuad sb 001 0 eng d |
| 010 |
|
|
|z 2005025036
|
| 020 |
|
|
|z 0801444330 (cloth : alk. paper)
|
| 020 |
|
|
|z 9780801474453 (pbk. : alk. paper)
|
| 020 |
|
|
|z 9780801444333
|
| 020 |
|
|
|a 9780801461804 (electronic bk.)
|
| 035 |
|
|
|a (MiAaPQ)EBC3138228
|
| 035 |
|
|
|a (Au-PeEL)EBL3138228
|
| 035 |
|
|
|a (CaPaEBR)ebr10481025
|
| 035 |
|
|
|a (OCoLC)742517425
|
| 040 |
|
|
|a MiAaPQ
|c MiAaPQ
|d MiAaPQ
|
| 043 |
|
|
|a a-ja---
|
| 050 |
|
4 |
|a HD7227
|b .S37 2006
|
| 082 |
0 |
4 |
|a 362.952/09/051
|2 22
|
| 100 |
1 |
|
|a Schoppa, Leonard J.
|q (Leonard James),
|d 1962-
|
| 245 |
1 |
0 |
|a Race for the exits
|h [electronic resource] :
|b the unraveling of Japan's system of social protection /
|c Leonard J. Schoppa.
|
| 260 |
|
|
|a Ithaca, N.Y. :
|b Cornell University Press,
|c 2006.
|
| 300 |
|
|
|a xvi, 247 p. :
|b ill.
|
| 504 |
|
|
|a Includes bibliographical references (p. [213]-242) and index.
|
| 505 |
0 |
|
|a Exit, voice, and Japan's economic problems -- Taking exit and voice seriously -- Productive and protective elements of convoy capitalism -- The race for the exits begins -- The policy impact of hollowing out -- Case studies in economic reform -- The policy impact of exit by women -- Exceptions that prove the rule -- Toward a new system of social protection in Japan.
|
| 533 |
|
|
|a Electronic reproduction. Ann Arbor, MI : ProQuest, 2015. Available via World Wide Web. Access may be limited to ProQuest affiliated libraries.
|
| 650 |
|
0 |
|a Social security
|z Japan.
|
| 650 |
|
0 |
|a Economic security
|z Japan.
|
| 650 |
|
0 |
|a Human services
|z Japan.
|
| 651 |
|
0 |
|a Japan
|x Social conditions
|y 1945-
|
| 651 |
|
0 |
|a Japan
|x Economic conditions
|y 1989-
|
| 651 |
|
0 |
|a Japan
|x Social policy.
|
| 651 |
|
0 |
|a Japan
|x Economic policy
|y 1989-
|
| 655 |
|
4 |
|a Electronic books.
|
| 710 |
2 |
|
|a ProQuest (Firm)
|
| 856 |
4 |
0 |
|u https://ebookcentral.proquest.com/lib/matrademy/detail.action?docID=3138228
|z Click to View
|